000 00531nam a22001577a 4500
020 _qHard Cover.
082 _a620.005
100 _aHassan, Intizar
245 _aAnalysis and Development of a Framework for Monitoring of Electronic Media in Pakistan /
_cIntizar Hassan
260 _aIslamabad :
_bCEME- NUST,
_c2013.
300 _a89 p. : ill. ;
_c30cm.
650 _aEngineering Management-MS-Thesis
_916065
700 _aDr. Athar Masood.
_934805
942 _2ddc
_cTHE
999 _c540665
_d540665